The cinematic imagination : (Record no. 4990)
[ view plain ]
| 000 -LEADER | |
|---|---|
| fixed length control field | 00835 a2200217 4500 |
| 010 ## - LCCN (DPL NO) | |
| LC control number | ENG-86685 B-447087-091 |
| 020 ## - INTERNATIONAL STANDARD BOOK NUMBER | |
| Terms of availability | 295.00 |
| International Standard Book Number | 8178241862 |
| 020 ## - INTERNATIONAL STANDARD BOOK NUMBER | |
| Terms of availability | 295.00 |
| International Standard Book Number | 9788178241869 |
| 035 ## - SYSTEM CONTROL NUMBER | |
| System control number | EN-70218 B-447087-091 |
| 037 ## - SOURCE OF ACQUISITION | |
| Source of stock number/acquisition | DBAD / PUB |
| 037 ## - SOURCE OF ACQUISITION | |
| Source of stock number/acquisition | BPPD/KKP |
| 082 14 - DEWEY DECIMAL CLASSIFICATION NUMBER | |
| Classification number | 791.43 |
| 100 1# - MAIN ENTRY--PERSONAL NAME | |
| Personal name | Virdi, Jyotika |
| 245 1# - TITLE STATEMENT | |
| Title | The cinematic imagination : |
| Statement of responsibility, etc | by Jyotika Virdi |
| Remainder of title | Indian popular films as social history / |
| 260 ## - PUBLICATION, DISTRIBUTION, ETC. (IMPRINT) | |
| Place of publication, distribution, etc | Delhi |
| Name of publisher, distributor, etc | Permanent Black |
| Date of publication, distribution, etc | 2007 |
| 270 ## - ADDRESS | |
| Address | D-28, Oxford Apartments, 11, I. P. Extension |
| City | Delhi |
| Postal code | 110 092 |
| 300 ## - PHYSICAL DESCRIPTION | |
| Extent | xvi, 258 p |
| Dimensions | 22cm (Pbk) |
| 500 ## - GENERAL NOTE | |
| General note | Includes index |
| 942 ## - ADDED ENTRY ELEMENTS (KOHA) | |
| Institution code [OBSOLETE] | dpl |
| Item type | English Books |
| Source of classification or shelving scheme | Dewey Decimal Classification |
| Classification part | 791.43 |
| Call number suffix | VIR |
| Withdrawn status | Lost status | Not for loan | Collection code | Home library | Current library | Source of acquisition | Cost, normal purchase price | Full call number | Barcode | Copy number | Cost, replacement price | Koha item type | Date acquired |
|---|---|---|---|---|---|---|---|---|---|---|---|---|---|
| Non-fiction | Central Library | Central Library | KKP/22/23.9.11/BL1318/23.9.11/9.11.11 | 295.00 | 791.43 VIR | B-447087 | 1 | 295.00 | English Books | 02/04/2012 | |||
| Non-fiction | Shahdara Branch | Central Library | KKP/22/23.9.11/BL1318/23.9.11/9.11.11 | 295.00 | 791.43 VIR | B-447091 | 1 | 295.00 | English Books | 02/04/2012 | |||
| Not For Loan | Non-fiction | D.B.Act.Division | D.B.Act.Division | DBAD/PUB | 295.00 | 791.43 VIR | EN-70218 | 1 | 295.00 | English Books | |||
| Non-fiction | Karol Bagh | Karol Bagh | KKP/22/23.9.11/BL1318/23.9.11/9.11.11 | 295.00 | 791.43 VIR | B-447090 | 1 | 295.00 | English Books | 02/04/2012 | |||
| Non-fiction | Patel Nagar | Patel Nagar | KKP/22/23.9.11/BL1318/23.9.11/9.11.11 | 295.00 | 791.43 VIR | B-447088 | 1 | 295.00 | English Books | 02/04/2012 | |||
| Non-fiction | Sarojini Nagar | Sarojini Nagar | KKP/22/23.9.11/BL1318/23.9.11/9.11.11 | 295.00 | 791.43 VIR | B-447089 | 1 | 295.00 | English Books | 02/04/2012 |
